|
|
|
|
| LEADER |
00000nam a2200000 a 4500 |
| 001 |
vtls001435091 |
| 003 |
SK-MaSNL |
| 005 |
20260301202828.0 |
| 008 |
240226s2001 xo g r y slo |
| 015 |
|
|
|a SNBA2002/09-03034
|
| 035 |
|
|
|a SNK000390176
|
| 035 |
|
|
|a urn:nbn:sk:snk-amko9a
|
| 035 |
|
|
|a urn:nbn:sk:snk-am008dq1
|
| 035 |
|
|
|a DE9D4DC7-72A7-4982-84BA-4E104B193CED
|
| 040 |
|
|
|a SNK
|b slo
|c SNK
|e AACR2
|
| 041 |
0 |
|
|a slo
|
| 044 |
|
|
|a xo
|c SK
|
| 080 |
|
|
|a 242
|2 1981
|
| 245 |
1 |
|
|a Chlieb náš každodenný
|b biblické úvahy na každý deň - rok 2002
|
| 260 |
|
|
|a Lučenec
|b International Needs Slovakia
|c [2001]
|
| 300 |
|
|
|a 207 s.
|c 21 cm
|
| 504 |
|
|
|a Zoz. biblických kníh
|
| 630 |
0 |
7 |
|a Biblia
|2 SNK
|9 17043
|
| 655 |
|
7 |
|a príručky
|2 SNK
|9 74364
|
| 958 |
|
|
|a TL
|
| 958 |
|
|
|a NT
|
| 958 |
|
|
|a OND
|
| 999 |
|
|
|c 900331
|d 902261
|
| 952 |
|
|
|t P60, <03>, [BOOK], {603}
|a SNK
|b SNK
|y PREZ
|7 0
|p 17A0345789
|o snkSC 104094/2001
|i snkKSP 6679/2002
|0 0
|1 0
|4 0
|d 2002-05-31
|f 1
|l 0
|r 2025-09-25 00:00:00
|w 2026-02-24
|
| 952 |
|
|
|t P60, <04>, [BOOK], {604}
|a SNK
|b SNK
|y VYP
|7 0
|p 17A0345790
|o snkSC 104094/2001 D1
|i snkKSP 6680/2002
|0 0
|1 0
|4 0
|d 2002-05-31
|l 0
|r 2005-01-02 00:00:00
|w 2026-02-24
|